000 00499pab a2200181 454500
008 180718b2017 xxu||||| |||| 00| 0 eng d
100 _aChoudhury, Pranab Ranjan
245 _aImproving the drought resilience of the small farmer agroecosystem
260 _c2017
300 _ap.41-46.
362 _a12 Aug
650 _aAgricultural development
650 _aFarmers
650 _aDrought control
700 _aSindhi, Sumita
773 _aEconomic and Political Weekly
909 _a116006
999 _c116000
_d116000